|
|
|
|
| LEADER |
00000cam a2200000 7i4500 |
| 001 |
0000003231 |
| 005 |
20030123093000.0 |
| 008 |
021118s1981 |
| 020 |
|
|
|a 0205065619
|
| 090 |
0 |
0 |
|a LB3063
|b .A43
|
| 100 |
0 |
|
|a Ahmann, J. Stanley ,
|e author
|
| 245 |
1 |
0 |
|a Evaluating student progress :
|b principles of test and measurements
|c J. Stanley Ahmann, Marvin D. Glock
|
| 250 |
|
|
|a 6th ed
|
| 260 |
2 |
|
|a Boston :
|b Allyn and Bacon ,
|c 1981
|
| 300 |
|
|
|a xi, 508 p. ;
|c 23 cm.
|
| 504 |
|
|
|a Includes bibliographical references and indexes
|
| 650 |
|
0 |
|a Grading and marking (Students)
|
| 700 |
1 |
|
|a Glock, Marvin D. ,
|e author
|
| 999 |
|
|
|a 1000029635
|b Book
|c OPEN SHELF (30 DAYS)
|e Gong Badak Campus
|